Rembrandt etchings from the Frits Lugt collection
Wedi'i Gadw mewn:
| Prif Awdur: | |
|---|---|
| Fformat: | Llyfr |
| Iaith: | Saesneg |
| Cyhoeddwyd: |
París
Thoth
2008
París Fondation Custodia 2008 |
| Pynciau: | |
| Tagiau: |
Ychwanegu Tag
Dim Tagiau, Byddwch y cyntaf i dagio'r cofnod hwn!
|
MARC
| LEADER | 00000nam a2200000 a 4500 | ||
|---|---|---|---|
| 001 | UCG4160 | ||
| 003 | CL-VaPUC | ||
| 008 | 101018e20080000fr |||||||||||||||||eng|d | ||
| 020 | |a 9789068684179 | ||
| 082 | 0 | 4 | |a 759.9492 |b HIN |2 21 |
| 100 | 0 | |a Hinterding, Erik |e author |9 553480 | |
| 245 | 1 | 0 | |a Rembrandt etchings from the Frits Lugt collection |
| 300 | |a 2 v | ||
| 942 | |c BK | ||
| 945 | |d 20101018 00:00:00 |a mfarfan | ||
| 260 | |a París |b Thoth |c 2008 | ||
| 260 | |a París |b Fondation Custodia |c 2008 | ||
| 500 | |a V.1: Text. V.2: Plates | ||
| 600 | 0 | 7 | |a HARMENZOON VAN RIJN, REMBRANDT |2 CL-VaPUC |9 553481 |
| 650 | 7 | |a CATALOGO |2 CL-VaPUC |9 381466 | |
| 650 | 0 | |a Pintura |9 265046 | |
| 650 | 7 | |a COLECCIONES |2 CL-VaPUC |9 266014 | |
| 583 | |a last modification |c 20171218 06:09:01 |k Rodrigo Vera | ||
| 999 | |c 342999 |d 342997 | ||
| 952 | |0 0 |1 0 |4 0 |6 759_949200000000000_HIN_2008_2008 |7 0 |8 F |9 439806 |a BIBART |b BIBART |d 2019-11-22 |h v.1 |i 4725379 |o 759.9492 HIN 2008 2008 |p 4725379 |r 2025-03-13 |w 2019-11-22 |y BK_F |k ART | ||
| 952 | |0 0 |1 0 |4 0 |6 759_949200000000000_HIN_2008_2008 |7 0 |8 F |9 439807 |a BIBART |b BIBART |d 2019-11-22 |h v.2 |i 4725387 |o 759.9492 HIN 2008 2008 |p 4725387 |r 2025-03-13 |w 2019-11-22 |y BK_F |k ART | ||